000 00663nas a2200265 4500
001 BR9211601
003 BR-BrBNA
005 20231205093511.0
007 ta
008 230509b bl.|||p| |||| 00| 00por d
040 _aBR-BrBNA
_bpor
_cBiblioteca Nacional de Agricultura
041 _a(Pt)
072 _aP01
100 1 _aAnon.
245 1 _aFlores na safra de inverno
650 _aNATUREZA
650 _aMORCEGO
650 _aNECTAR
650 _aFLORA
650 _aCERRADO
650 _aPRATICO
773 0 _tGuia Rural (Brazil)
_x
_g(Apr 1987), v. 1(5) p. 24-25
_wBR9211601
909 _a202311
_bLúcia
_c55
_dLúcia Elande
942 _2AGRIS
_n0
_cANA
999 _c138810
_d138810